000 01084nam a2200265 a 4500
001 BRCA_528
005 20190320203040.0
008 970123s1997 nyua---##b---#001-0#eng-#
020 _a0810933993
040 _aDLC
_cDLC
_dDLC
050 4 _aN1150
_b.A58 1997
245 1 0 _aA grand design
_bthe art of the Victoria and Albert Museum
_cMalcolm Baker and Brenda Richardson, general editors ; with research and essays by Anthony Burton ... [et al.].
260 _aNueva York
_bHarry N. Abrams
260 _aBaltimore
_bBaltimore Museum of Art
_c1997
300 _a431 p.
_bil. (algunas a color)
_c31 cm.
500 _aCatálogo de la exposición realizada en el Baltimore Museum of Art, octubre 1997 - enero 2000
500 _aIncluye índice alfabético
504 _aBibliografía : p. 401-411
610 2 4 _aVictoria and Albert Museum (Inglaterra)
_vExposiciones
_xColecciones
_91821
650 1 4 _aArtes decorativas
_xColecciones
_zInglaterra
_91822
700 1 _aBaker, Malcolm
_91823
700 1 _aRichardson, Brenda
_91824
700 1 _aBurton, Anthony
_d1942-
_91825
942 _2lcc
_cB
999 _c460
_d460